| 000 | 00465nam a2200133Ia 4500 | ||
|---|---|---|---|
| 008 | 250506s9999 xx 000 0 und d | ||
| 024 | _a10B-189-EE, 11B-62-EL, 12B-21-EL & 12B-212-EL | ||
| 082 | _a629.8932072 SYE | ||
| 100 | _aSyed Mairaj uddin, Bilal Anwer, Syed Muhammad Muneeb & abdi Samad Bashir Ahmed | ||
| 245 | 0 | _aPick and Place Robotic Arm | |
| 260 |
_aKarachi: _bUIT, _c2012 |
||
| 600 | _aElectrical Engineering | ||
| 650 | _aBachelor of Engineering (BE) | ||
| 999 |
_c28103 _d28103 |
||